Statistics for Countries recognized by Israel

Click here to take the quiz!

General Stats

  • This quiz has been taken 35 times
  • The average score is 114 of 166

Answers on the Map

Answers color-coded by a green-red scale on the quiz's map according to % correct below.
 

Answer Stats

Country% Correct
China
96%
Germany
92%
India
92%
Russia
92%
United Kingdom
92%
United States
92%
Brazil
88%
Canada
88%
Mexico
88%
Egypt
85%
France
85%
Ireland
85%
Nepal
85%
Turkey
85%
Belgium
81%
Bulgaria
81%
Japan
81%
Kazakhstan
81%
Kosovo
81%
Mongolia
81%
Myanmar
81%
Poland
81%
South Korea
81%
Spain
81%
Switzerland
81%
United Arab Emirates
81%
Argentina
77%
Azerbaijan
77%
Bosnia and Herzegovina
77%
Cambodia
77%
Chile
77%
Czech Republic
77%
Denmark
77%
Finland
77%
Georgia
77%
Greece
77%
Hungary
77%
Italy
77%
Laos
77%
Morocco
77%
Netherlands
77%
Norway
77%
Peru
77%
Portugal
77%
South Africa
77%
Sweden
77%
Thailand
77%
Ukraine
77%
Albania
73%
Andorra
73%
Armenia
73%
Australia
73%
Austria
73%
Belarus
73%
Bhutan
73%
Bolivia
73%
Colombia
73%
Dem. Rep. of the Congo
73%
Iceland
73%
Malta
73%
North Macedonia
73%
Romania
73%
Serbia
73%
Suriname
73%
Turkmenistan
73%
Uruguay
73%
Vietnam
73%
Angola
69%
Cameroon
69%
Chad
69%
Croatia
69%
Dominican Republic
69%
Ecuador
69%
Ethiopia
69%
Guyana
69%
Kenya
69%
Kyrgyzstan
69%
Latvia
69%
Liechtenstein
69%
Lithuania
69%
Luxembourg
69%
New Zealand
69%
Nigeria
69%
Panama
69%
Papua New Guinea
69%
Slovakia
69%
Slovenia
69%
South Sudan
69%
Vatican City
69%
Bahrain
65%
Benin
65%
Botswana
65%
Cyprus
65%
Estonia
65%
Guatemala
65%
Guinea
65%
Haiti
65%
Jordan
65%
Liberia
65%
Moldova
65%
Monaco
65%
Montenegro
65%
Namibia
65%
Paraguay
65%
Rwanda
65%
Singapore
65%
Sri Lanka
65%
Tajikistan
65%
Tanzania
65%
Uzbekistan
65%
Zimbabwe
65%
Belize
62%
Burkina Faso
62%
Burundi
62%
Central African Republic
62%
Costa Rica
62%
Dominica
62%
Equatorial Guinea
62%
Fiji
62%
Gabon
62%
Ghana
62%
Honduras
62%
Ivory Coast
62%
Lesotho
62%
Nicaragua
62%
Republic of the Congo
62%
Togo
62%
Uganda
62%
Zambia
62%
Cape Verde
58%
El Salvador
58%
Eritrea
58%
Eswatini
58%
Gambia
58%
Jamaica
58%
Madagascar
58%
Mozambique
58%
Palau
58%
Philippines
58%
Samoa
58%
San Marino
58%
Senegal
58%
Sierra Leone
58%
Bahamas
54%
East Timor
54%
Marshall Islands
54%
Mauritius
54%
Nauru
54%
São Tomé and Príncipe
54%
Seychelles
54%
St. Kitts and Nevis
54%
St. Lucia
54%
Tonga
54%
Trinidad and Tobago
54%
Vanuatu
54%
Antigua and Barbuda
50%
Fed. States of Micronesia
50%
Grenada
50%
Guinea Bissau
50%
Israel
50%
Kiribati
50%
Malawi
50%
Solomon Islands
50%
St. Vincent and Grenadines
50%
Tuvalu
50%
Barbados
46%

Score Distribution

Percentile by Number Answered

Percent of People with Each Score

Your Score History

You have not taken this quiz